| LEADER 00000nam 2200000uu 4500 |
| 001 13399110516 |
| 003 BCNR |
| 008 110215s2551||||th 000 0 tha d |
| 020 9789743779855
|
| 041 0 tha
|
| 060 04 WD410^bพ763 2551
|
| 245 00 พิษงูและตำรับเซรุ่มแก้พิษงูในตำรายาของประเทศไทย :^bVenin and antivenin in Thai pharmacopoeia /^cศศิวิมล พัฒเสมา, บรรณาธิการ
|
| 246 31 Venin and antivenin in Thai pharmacopoeia
|
| 250 พิมพ์ครั้งที่ 1
|
| 260 นนทบุรี :^bสำนักยาและวัตถุเสพติด กรมวิทยาศาสตร์การแพทย์,^c2551
|
| 300 071 หน้า :^bภาพประกอบ ;^c21 ซม
|
| 504 บรรณานุกรม : หน้า 60-71
|
| 650 7 พิษงู
|
| 650 7 เซรุ่มแก้พิษงู
|
| 700 0 ศศิวิมล พัฒเสมา,^eบรรณาธิการ
|
| 710 2 กรมวิทยาศาสตร์การแพทย์. ^bสำนักยาและวัตถุเสพติด
|
| 999 ^aบรรณารักษ์
|